| 000 | 00917cam a22002054a 4500 | ||
|---|---|---|---|
| 005 | 20250605164404.0 | ||
| 008 | 250528s ||||||||||||||||||||||||d | ||
| 035 | _a24722 | ||
| 020 | _a1583918582 | ||
| 040 |
_aGR-AtMCL _bgre _dGR-AtMCL _eAACR2 |
||
| 245 | 1 | _aCognitive therapy / 100 key points and techniques | |
| 260 |
_bRoutledge - Taylor & Francis Group, _c2004 |
||
| 300 | _a268 | ||
| 520 | _aCT Theory, Misconceptions about C, CT Practice, Gtting started, Ways of detecting NATS, Examining and responding to NATS, Homework, Ways of identifying underlying assumptions and rules, Revising assumptions and rules, Uncovering core beliefs, Developing and strengthening new / existing core beliefs, Resistance, Towards termination and beyond, Cognitive therapy: is it just for clients? | ||
| 700 | 1 |
_aDryden Windy _948 |
|
| 700 | 1 |
_aMichael Neenan _99520 |
|
| 942 | _cBK | ||
| 999 |
_c9584 _d9584 |
||